00420nam a2200133Ia 4500020001800000082001800018100002600036245008500062260003600147300001400183504001900197650003800216650003200254 a9788178242330 a320.954 GUP-P aGupta, Partha Sarathi 0aPower, politics and the people: studies in British imperialism and Indian nation aRanikhetbPermanent Blackc2008 aviii, 528 aincludes index aPolitical culturevIndiavHistory aNationalismvIndiavHistory